Movies Quiz

Random Movies or Celebrity Quiz

Before They Were Famous II Quiz Stats

Quiz Updated Dec 13, 2012

Challenge
Share
Tweet
Embed
Score 0/20 Timer 06:00
3 Plays Today
Actor and Info Movie % Correct
Was that Joseph Gordon-Levitt as a boy who sees celestial beings helping a baseball team? (And was that Matthew McConaughey and Adrien Brody on the team, too?) Angels In The Outfield
67.5%
Was that Gwyneth Paltrow as the young Wendy who finally decided to grow older?Hook
63.6%
Was that Jessica Alba as one of the “popular girls” in this comedy about a former ugly duckling who returns to high school “undercover?”Never Been Kissed
51.2%
Was that Vince Vaughn as the unkind halfback who finally has a change of heart to let the little guy play in the final game? Rudy
50.5%
Was that Seth Rogen as a bully in this odd, dark film about a troubled teenager with an alliterative name?Donnie Darko
50.5%
Was that Rachel McAdams as the title character? Man, I sure wish we'd spent ninety minutes with her instead of with Rob Schneider pretending to be her. The Hot Chick
46.5%
Was that Kristen Stewart as the daughter of another former child star in this home invasion flick? Panic Room
43.1%
Was that Amy Poehler as the Tourette's-afflicted client of Rob Schneider? Deuce Bigalow: Male Gigolo
30.7%
Was that Hugh Laurie as one of the bumbling goons in this live-action Disney remake?101 Dalmatians
29.3%
Was that Jack Black as the hero's soldier brother who screams, in vain, “Die, you alien s***heads?” (And was that Natalie Portman, too?) Mars Attacks
28.9%
Actor and Info Movie % Correct
*Was that Christian Bale as the young Thomas, who shoots Kokoum and ignites a war between the natives and the settlers?Pocahontas
26.9%
Was that Nathan Fillion as the namesake of the title character who is mistakenly told his siblings are dead?Saving Private Ryan
22.1%
Was that Jon Stewart as the Enhancement Smoker in this, shall we say, uplifting comedy?Half-Baked
19.7%
Was that Jim Parsons (Sheldon Cooper) as the “fast-food knight” in this New Jersey quirkfest?Garden State
17.7%
Was that Jake Gyllenhaal as the protagonist's son in this comedy about urban dwellers out of their element?City Slickers
15.7%
*Was that Vin Diesel as the title character, who sacrifices himself to save his young friend Hogarth?The Iron Giant
15.6%
Was that Philip Seymour Hoffman as the pampered prep school student who tries to throw young Charlie under the bus, only to see him saved by a very loud colonel?Scent Of A Woman
15%
Was that Kate Winslet as the older princess in this “update” on Mark Twain's tale of a Connecticut Yankee? (And was that Daniel Craig, too?) A Kid In King Arthur's Court
9.5%
Was that Terry O'Quinn (Locke) as a very non-DiCaprio Howard Hughes? The Rocketeer
5.7%
Was that Scarlett Johansson as the adoptive sister of the title character in this movie that Roger **** “hated, hated, hated?”North
5.3%

You're not logged in!

Compare scores with friends on all Sporcle quizzes.
Sign Up with Email
OR
Log In

You Might Also Like...

Show Comments

Extras

Top Quizzes Today


Score Distribution

Your Account Isn't Verified!

In order to create a playlist on Sporcle, you need to verify the email address you used during registration. Go to your Sporcle Settings to finish the process.